000 00379nam a2200145Ia 4500
008 191206s9999 xx 000 0 und d
020 _a031210510X :
090 _aDK258.L46
245 0 _aNicholas II: twilight of the Empire
250 _a1st U.S. ed.
260 _aSt. Martin's Press
260 _cc1994
300 _a"xii, 292 p. : ill. ; 25 cm."
999 _c16558
_d16558